| 000 | 00406nam a2200145Ia 4500 | ||
|---|---|---|---|
| 008 | 220214s9999 xx 000 0 und d | ||
| 022 | _a0022-4588 | ||
| 245 | 0 | _aJOURNAL OF SOIL SCIENCE | |
| 260 |
_bBlackwell Scientific Publishers, England _aUK |
||
| 310 | _aQ | ||
| 500 | _aEnding Volume & Year: 44, 1993 | ||
| 500 | _aMissing Volume: 29(3) | ||
| 500 | _aStarting Volume & Year: 29, 1978 | ||
| 942 | _cBJ | ||
| 999 |
_c10055 _d10055 |
||